[Event "IPCA Europe-ch"]
[Site "Torrevieja"]
[Date "2024.10.23"]
[Round "8"]
[White "Solomna, Svitlana"]
[Black "Klein, Jimmy"]
[Result "1-0"]
[WhiteElo "1636"]
[BlackElo "1560"]
[PlyCount "85"]
[EventDate "2024.10.17"]
[EventType "swiss"]
[EventRounds "9"]
[EventCountry "ESP"]
[SourceTitle "CB44_2024"]
[Source "Chessbase"]
[SourceDate "2024.10.30"]
[SourceVersion "1"]
[SourceVersionDate "2024.10.30"]
[SourceQuality "1"]

1. c4 e5 2. Nc3 Nf6 3. g3 c6 4. Bg2 d5 5. cxd5 cxd5 6. d4 e4 7. f3 Bf5 8. Bg5 Qa5 9. Bxf6 gxf6 10. e3 Nc6 11. a3 Ne7 12. Nge2 Bg6 13. b4 Qd8 14. fxe4 dxe4 15. Nxe4 Bg7 16. 0-0 Nd5 17. Qd2 Bh6 18. Nf4 Nxf4 19. exf4 f5 20. Nc5 Qc7 21. Rfe1+ Kf8 22. Bxb7 Rd8 23. Qe3 Bg7 24. Rad1 Bf6 25. Bg2 Kg7 26. Nb3 Qb6 27. d5 Qxe3+ 28. Rxe3 Rhe8 29. Rxe8 Rxe8 30. Nc5 Bh5 31. Rb1 Bd4+ 32. Kh1 a5 33. d6 Bf6 34. b5 Bd4 35. Nb7 Bb6 36. d7 Rb8 37. Rc1 Be2 38. a4 Bd3 39. Rc8 Rxb7 40. Bxb7 Be4+ 41. Bxe4 fxe4 42. d8Q Bxd8 43. Rxd8 1-0

[Event "IPCA Europe-ch"]
[Site "Torrevieja"]
[Date "2024.10.18"]
[Round "3"]
[White "Klein, Jimmy"]
[Black "Cosic, Radoslav"]
[Result "0-1"]
[WhiteElo "1560"]
[BlackElo "1942"]
[PlyCount "98"]
[EventDate "2024.10.17"]
[EventType "swiss"]
[EventRounds "9"]
[EventCountry "ESP"]
[SourceTitle "CB44_2024"]
[Source "Chessbase"]
[SourceDate "2024.10.30"]
[SourceVersion "1"]
[SourceVersionDate "2024.10.30"]
[SourceQuality "1"]

1. Nf3 d6 2. d4 c6 3. e4 g6 4. c3 Bg7 5. g3 Nf6 6. Nbd2 0-0 7. Bg2 Bg4 8. h3 Bc8 9. 0-0 a5 10. Re1 a4 11. a3 h6 12. e5 Ne8 13. Ne4 Be6 14. Be3 Nd7 15. Qd2 Bd5 16. Bxh6 dxe5 17. Bxg7 Kxg7 18. Neg5 f6 19. h4 Nc7 20. Nh3 exd4 21. Nxd4 e5 22. Nc2 Bxg2 23. Kxg2 Nc5 24. Rad1 Qxd2 25. Rxd2 Nd5 26. c4 Nb6 27. Ne3 Rad8 28. Red1 Rxd2 29. Rxd2 Kf7 30. Ng4 Nb3 31. Rc2 Nd7 32. f3 Ndc5 33. Nhf2 Rd8 34. Ne3 Ke6 35. Ned1 Rd4 36. g4 f5 37. Kg3 Nd2 38. Kh3 Nxf3 39. gxf5+ gxf5 40. Rc3 Nxh4 41. Ne3 Ng6 42. Ng2 Rd2 43. Nh1 Rxb2 44. Ng3 Rb3 45. Rxb3 axb3 46. Nh5 b2 47. Ng7+ Kf6 48. Ne8+ Ke7 49. Ng7 b1Q 0-1

[Event "Francophonie-ch 9th"]
[Site "Yamoussoukro"]
[Date "2023.07.04"]
[Round "3"]
[White "Klein, Jimmy"]
[Black "Guipi Bopala, Prince Eric Jr"]
[Result "0-1"]
[WhiteElo "1335"]
[BlackElo "1861"]
[PlyCount "84"]
[EventDate "2023.07.02"]
[EventType "swiss"]
[EventRounds "9"]
[EventCountry "IVO"]
[SourceTitle "CBM 215 Extra"]
[Source "ChessBase"]
[SourceDate "2023.09.30"]
[SourceVersion "1"]
[SourceVersionDate "2023.09.30"]
[SourceQuality "1"]

1. e4 c6 2. d4 d5 3. Nc3 dxe4 4. Nxe4 Bf5 5. Nf3 Bxe4 6. Bc4 e6 7. c3 Nf6 8. Ng5 Bg6 9. h4 h6 10. Nf3 Nbd7 11. Bf4 Be7 12. Bb3 c5 13. Ne5 Nxe5 14. Bxe5 0-0 15. f3 cxd4 16. Bxd4 Qc7 17. g4 Rfd8 18. Qe2 Bc5 19. Rd1 Bxd4 20. cxd4 Qg3+ 21. Kf1 Nd5 22. Bxd5 exd5 23. h5 Re8 24. Qf2 Qxf2+ 25. Kxf2 Bh7 26. Rhe1 Kf8 27. f4 Be4 28. Rc1 Rac8 29. g5 Ke7 30. Kg3 Kd7 31. Kg4 Rxc1 32. Rxc1 Rc8 33. Rxc8 Kxc8 34. f5 hxg5 35. Kxg5 Kd7 36. f6 gxf6+ 37. Kxf6 Ke8 38. h6 Kf8 39. a4 a5 40. Ke5 Ke7 41. h7 f6+ 42. Kf4 Bxh7 0-1

[Event "Francophonie-ch 9th"]
[Site "Yamoussoukro"]
[Date "2023.07.02"]
[Round "1"]
[White "Klein, Jimmy"]
[Black "Abderrahim Taleb, Mohamed"]
[Result "0-1"]
[WhiteElo "1335"]
[BlackElo "2126"]
[PlyCount "98"]
[EventDate "2023.07.02"]
[EventType "swiss"]
[EventRounds "9"]
[EventCountry "IVO"]
[SourceTitle "CBM 215 Extra"]
[Source "ChessBase"]
[SourceDate "2023.09.30"]
[SourceVersion "1"]
[SourceVersionDate "2023.09.30"]
[SourceQuality "1"]

1. e4 e5 2. Nf3 Nc6 3. Nc3 Nf6 4. d4 exd4 5. Nxd4 Bb4 6. Nxc6 bxc6 7. Bd3 d5 8. exd5 cxd5 9. 0-0 0-0 10. Bg5 c6 11. Ne2 h6 12. Bf4 Bd6 13. Qd2 Re8 14. Ng3 Rb8 15. b3 Rb4 16. Bxd6 Qxd6 17. Rfe1 Be6 18. Rad1 c5 19. c3 Rbb8 20. Nf5 Bxf5 21. Bxf5 Re5 22. Rxe5 Qxe5 23. Bd3 Re8 24. Bb5 Re7 25. f4 Qd6 26. g3 Qb6 27. Bf1 Rd7 28. Kh1 Ne4 29. Qc2 Qf6 30. c4 Qf5 31. Kg2 Nxg3 32. Qxf5 Nxf5 33. Kg1 d4 34. Bh3 Ne3 35. Bxd7 Nxd1 36. Bf5 Nc3 37. a4 Ne2+ 38. Kf2 Nxf4 39. b4 cxb4 40. Ke1 Kf8 41. c5 Ke7 42. c6 Kd6 43. Bd7 b3 44. Kd2 Nd5 45. a5 Nc3 46. Kc1 d3 47. Bf5 b2+ 48. Kxb2 d2 49. Kc2 d1Q+ 0-1

[Event "IPCA Wch 22nd"]
[Site "Kastel"]
[Date "2023.06.18"]
[Round "5"]
[White "Klein, Jimmy"]
[Black "Serebriakov, Sergei"]
[Result "0-1"]
[WhiteElo "1359"]
[BlackElo "1410"]
[PlyCount "50"]
[EventDate "2023.06.13"]
[EventType "swiss"]
[EventRounds "9"]
[EventCountry "SRB"]
[SourceTitle "CBM 214 Extra"]
[Source "ChessBase"]
[SourceDate "2023.07.31"]
[SourceVersion "1"]
[SourceVersionDate "2023.07.31"]
[SourceQuality "1"]

1. e4 c5 2. Nf3 e6 3. d4 cxd4 4. Nxd4 Nf6 5. Nc3 Nc6 6. a3 d5 7. exd5 Nxd5 8. Nxc6 bxc6 9. Bd3 Nxc3 10. bxc3 g6 11. 0-0 Bg7 12. Qf3 0-0 13. Be4 Ba6 14. Rd1 Qf6 15. Bd2 Rad8 16. Qxf6 Bxf6 17. Bxc6 Be2 18. Bh6 Bxd1 19. Bxf8 Kxf8 20. Be4 Rd2 21. g3 Bxc2 22. Bf3 Bxc3 23. Ra2 Bd4 24. Bc6 Rxf2 25. Bb5 Rf5+ 0-1

[Event "IPCA Wch 21st"]
[Site "Ashdod"]
[Date "2022.05.12"]
[Round "5"]
[White "Klein, Jimmy"]
[Black "Volodarsky, Michael"]
[Result "1-0"]
[WhiteElo "1392"]
[BlackElo "1400"]
[PlyCount "87"]
[EventDate "2022.05.09"]
[EventType "swiss"]
[EventRounds "9"]
[EventCountry "ISR"]
[SourceTitle "CBM 208 Extra"]
[Source "ChessBase"]
[SourceDate "2022.07.31"]
[SourceVersion "1"]
[SourceVersionDate "2022.07.31"]
[SourceQuality "1"]

1. d4 d5 2. Nf3 Nf6 3. g3 b6 4. Bg2 Bb7 5. 0-0 e6 6. c4 Be7 7. Qc2 0-0 8. Nc3 Nbd7 9. Bf4 a6 10. a3 dxc4 11. e4 Nh5 12. Be3 g6 13. e5 f5 14. Rad1 c6 15. Qd2 Rb8 16. Bh6 Rf7 17. Ng5 Bxg5 18. Bxg5 Qf8 19. Ne2 b5 20. Bh6 Qe8 21. Bf3 Ng7 22. Nf4 Nb6 23. h4 Nd5 24. h5 Nxf4 25. Qxf4 Qe7 26. Bg5 Qf8 27. hxg6 hxg6 28. Bf6 c5 29. Kg2 Bxf3+ 30. Kxf3 Nh5 31. Rh1 Rxf6 32. Rxh5 gxh5 33. exf6 Rd8 34. Qg5+ Kf7 35. Rh1 Ke8 36. Rxh5 cxd4 37. Rh7 Rd7 38. Qh5+ Rf7 39. Rh8 Kd7 40. Rxf8 Rxf8 41. Qg6 Kd6 42. Qg7 Rd8 43. f7 Rc8 44. f8Q+ 1-0

[Event "IPCA Wch 21st"]
[Site "Ashdod"]
[Date "2022.05.10"]
[Round "2"]
[White "Klein, Jimmy"]
[Black "Mekus, Manuela"]
[Result "0-1"]
[WhiteElo "1392"]
[BlackElo "1644"]
[PlyCount "62"]
[EventDate "2022.05.09"]
[EventType "swiss"]
[EventRounds "9"]
[EventCountry "ISR"]
[SourceTitle "CBM 208 Extra"]
[Source "ChessBase"]
[SourceDate "2022.07.31"]
[SourceVersion "1"]
[SourceVersionDate "2022.07.31"]
[SourceQuality "1"]

1. d4 Nf6 2. c4 g6 3. Nc3 Bg7 4. e4 d6 5. Be2 0-0 6. Nf3 Nbd7 7. 0-0 e5 8. Bg5 c6 9. a4 a5 10. Ne1 h6 11. Bh4 g5 12. Bg3 Qb6 13. Qd2 exd4 14. Bxd6 dxc3 15. bxc3 Nxe4 16. Qd3 Nxd6 17. Qxd6 Qb2 18. Qd1 Qxc3 19. Rc1 Qd4 20. Qc2 Nc5 21. Nf3 Qb2 22. Qd1 Be6 23. Rc2 Qb3 24. Qc1 Rad8 25. Rd1 Rxd1+ 26. Bxd1 Qxa4 27. Rc3 Qb4 28. Re3 Qxc4 29. Bc2 f5 30. Ne5 Bxe5 31. Rxe5 Nd3 0-1

[Event "St Chely d'Aubrac op 9th"]
[Site "St Chely d'Aubrac"]
[Date "2009.07.14"]
[Round "5"]
[White "Klein, Jimmy"]
[Black "Vincens, Patrice"]
[Result "1-0"]
[WhiteElo "1529"]
[BlackElo "1230"]
[PlyCount "111"]
[EventDate "2009.07.11"]
[EventType "swiss"]
[EventRounds "9"]
[EventCountry "FRA"]
[SourceTitle "EXT 2010"]
[Source "ChessBase"]
[SourceDate "2010.11.25"]
[SourceVersion "1"]
[SourceVersionDate "2010.11.25"]
[SourceQuality "1"]

1. d4 d5 2. c4 dxc4 3. e4 e6 4. Nf3 Nf6 5. Bg5 Be7 6. Nc3 0-0 7. Bxc4 Nc6 8. 0-0 h6 9. Bh4 Bd6 10. e5 Be7 11. exf6 Bxf6 12. Bxf6 Qxf6 13. d5 exd5 14. Nxd5 Qd6 15. Ne3 Qf6 16. b3 Be6 17. Bxe6 Qxe6 18. Re1 Rad8 19. Qc2 Rfe8 20. Nc4 Qf6 21. Rxe8+ Rxe8 22. Rc1 Nd4 23. Nxd4 Qxd4 24. Ne3 c6 25. Rd1 Qb4 26. Qd2 Qxd2 27. Rxd2 b5 28. Rd7 a5 29. Kf1 f6 30. Nf5 c5 31. Rxg7+ Kf8 32. Rd7 c4 33. bxc4 bxc4 34. Nxh6 Re7 35. Rd4 c3 36. Rc4 Kg7 37. Nf5+ Kf7 38. Nxe7 Kxe7 39. Rxc3 Ke6 40. h4 Kf5 41. Rc4 Kg6 42. g4 Kh6 43. Rc6 Kg6 44. f4 a4 45. a3 Kg7 46. g5 f5 47. Ke2 Kh7 48. h5 Kg7 49. Kd3 Kf7 50. Kd4 Kg7 51. Ke5 Kh7 52. h6 Kg8 53. Kf6 Kh7 54. Rc7+ Kg8 55. g6 Kh8 56. Rc8# 1-0

[Event "St Chely d'Aubrac op 9th"]
[Site "St Chely d'Aubrac"]
[Date "2009.07.12"]
[Round "2"]
[White "Barnicol, Georges"]
[Black "Klein, Jimmy"]
[Result "0-1"]
[WhiteElo "1280"]
[BlackElo "1529"]
[PlyCount "64"]
[EventDate "2009.07.11"]
[EventType "swiss"]
[EventRounds "9"]
[EventCountry "FRA"]
[SourceTitle "EXT 2010"]
[Source "ChessBase"]
[SourceDate "2010.11.25"]
[SourceVersion "1"]
[SourceVersionDate "2010.11.25"]
[SourceQuality "1"]

1. e4 d5 2. exd5 Qxd5 3. Nc3 Qd6 4. Nb5 Qd8 5. d4 c6 6. Nc3 Nf6 7. Bg5 Nd5 8. Bd2 Bf5 9. Nf3 Nb4 10. Rc1 e6 11. a3 Nd5 12. Bc4 Nf6 13. 0-0 Bd6 14. Re1 a5 15. d5 cxd5 16. Nxd5 0-0 17. Nxf6+ Qxf6 18. Bg5 Qxb2 19. Ra1 Bxa3 20. Bc1 Qxa1 21. Bxa3 Qxa3 22. Bd3 Bxd3 23. cxd3 Nc6 24. Ng5 Qe7 25. Qh5 h6 26. Nh3 a4 27. Nf4 a3 28. h3 Nd4 29. Qg4 a2 30. Nh5 Nf5 31. Ra1 Qg5 32. Qxg5 hxg5 0-1

[Event "Ambes op 2nd"]
[Site "Ambes"]
[Date "2009.04.16"]
[Round "6"]
[White "Klein, Jimmy"]
[Black "Teyssier, Jean Paul"]
[Result "0-1"]
[WhiteElo "1539"]
[BlackElo "1720"]
[PlyCount "84"]
[EventDate "2009.04.11"]
[EventType "swiss"]
[EventRounds "9"]
[EventCountry "FRA"]
[SourceTitle "EXT 2012"]
[Source "ChessBase"]
[SourceDate "2011.11.24"]
[SourceVersion "1"]
[SourceVersionDate "2011.11.24"]
[SourceQuality "1"]

1. d4 e6 2. c4 Nf6 3. Nf3 b6 4. g3 Ba6 5. Qc2 d5 6. Bg2 Bxc4 7. b3 Ba6 8. 0-0 Bb7 9. Ba3 Bxa3 10. Nxa3 a6 11. b4 Qe7 12. Rac1 c6 13. Qb1 Ne4 14. Rfd1 Qf6 15. Nc2 Nc3 16. Qb2 Nxe2+ 17. Kf1 Nxc1 18. Qxc1 Nd7 19. Ne3 Qe7 20. a3 h5 21. Re1 0-0 22. Nh4 Qf6 23. Qd1 g5 24. Nf3 g4 25. Ng1 Qg5 26. h4 Qg7 27. Ne2 f5 28. Nf4 Qh6 29. f3 e5 30. dxe5 Nxe5 31. Kf2 Ng6 32. Ne6 Rf6 33. Ng5 f4 34. Nc2 fxg3+ 35. Kxg3 Nf4 36. Bh1 Ne6 37. Rxe6 Rxe6 38. Nd4 Re5 39. Nde6 Rxe6 40. Nxe6 Qxe6 41. Qd4 Qe1+ 42. Kh2 Qxh4+ 0-1

[Event "Naujac op"]
[Site "Naujac"]
[Date "2008.06.27"]
[Round "7"]
[White "Klein, Jimmy"]
[Black "Teyssier, Jean Paul"]
[Result "0-1"]
[WhiteElo "1510"]
[BlackElo "1726"]
[PlyCount "44"]
[EventDate "2008.06.21"]
[EventType "swiss"]
[EventRounds "9"]
[EventCountry "FRA"]
[SourceTitle "CBM 125 Extra"]
[Source "ChessBase"]
[SourceDate "2008.09.01"]
[SourceVersion "1"]
[SourceVersionDate "2008.09.01"]
[SourceQuality "1"]

1. d4 Nf6 2. c4 e6 3. Nc3 Bb4 4. Qc2 b6 5. a3 Bxc3+ 6. Qxc3 Ne4 7. Qc2 f5 8. Nf3 Bb7 9. Bf4 0-0 10. h4 d6 11. Bg5 Qe8 12. Bf4 h6 13. b4 Nd7 14. Nd2 e5 15. Nxe4 Bxe4 16. Qd2 exf4 17. Qxf4 Nf6 18. Qd2 Nh5 19. d5 f4 20. f3 Ng3 21. Rh2 Qe5 22. 0-0-0 Qa1# 0-1